• 首页
  • 本馆介绍
  • 公告通知
  • 最新文献
  • 馆藏检索
  • 电子资源
  • 读者导购
  • 参考咨询
  • 我的图书馆
  • 登录
  • 详细信息显示
  • 放入我的书架
  • 预约/预借图书
  • 作者相关作品
  • 分类相关作品
  • 丛书相关作品
  • 出版社相关作品

书目信息

  • 表格格式
  • 工作单格式
  • 卡片格式
题名:
核桃优质丰产栽培实用技术
    
 
作者: 陈敬谊 主编
分册:  
出版信息: 北京   化学工业出版社  2019
页数: 185页
开本: 21cm
丛书名: 果树丰产栽培技术丛书
单 册:
中图分类: S664.1
科图分类:
主题词: 核桃--He Tao--果树园艺
电子资源:
ISBN: 978-7-122-25784-0
000 01014nam 2200277 45
001 012001003579
005 20140102135930.0
010    @a978-7-122-25784-0@dCNY20.00
099    @aCAL 012016041354
100    @a20160301d2016 em y0chiy50 ea
101 0  @achi
102    @aCN@b110000
105    @aak a 000yy
106    @ar
200 1  @a核桃优质丰产栽培实用技术@AHe Tao You Zhi Feng Chan Zai Pei Shi Yong Ji Shu@f陈敬谊主编
210    @a北京@c化学工业出版社@d2019
215    @a185页@c图@d21cm
225 2  @a果树丰产栽培技术丛书@AGuo Shu Feng Chan Zai Pei Ji Shu Cong Shu
320    @a有书目
330    @a本书对核桃生产现状与发展趋势、核桃优良品种的特性与品种选择、核桃育苗技术、核桃园建园技术、营养与土肥水管理技术、整形修剪技术、花果管理技术、病虫害防治技术等内容进行了详细的介绍。
410  0 @12001 @a果树丰产栽培技术丛书
606 0  @a核桃@AHe Tao@x果树园艺
690    @aS664.1@v5
701  0 @a陈敬谊@AChen Jingyi@4主编
801  2 @aCN@b北京卓展@c20191020
905    @b1212177-80@dS664.1@e584@f4
    
    核桃优质丰产栽培实用技术/陈敬谊主编.-北京:化学工业出版社,2019
    185页:图;21cm.-(果树丰产栽培技术丛书)
    
    
    ISBN 978-7-122-25784-0:CNY20.00
    本书对核桃生产现状与发展趋势、核桃优良品种的特性与品种选择、核桃育苗技术、核桃园建园技术、营养与土肥水管理技术、整形修剪技术、花果管理技术、病虫害防治技术等内容进行了详细的介绍。
●
相关链接 在E读中查询图书 在五车中查询图书 在当当中查询图书 在豆瓣中查询图书


正题名:核桃优质丰产栽培实用技术     索取号:S664.1/584         预约/预借

序号 登录号 条形码 馆藏地/架位号 状态 备注
1 1212177   212121773   第二样本阅览室/ [索取号:S664.1/584] 在馆    
2 1212178   212121782   第三借阅区/ [索取号:S664.1/584] 在馆    
3 1212179   212121791   第三借阅区/ [索取号:S664.1/584] 在馆    
4 1212180   212121808   第三借阅区/ [索取号:S664.1/584] 在馆    
唐山师范学院图书馆 欢迎您!
大连网信软件有限公司© 版权所有